000 00507nam a2200157 i 4500
001 36474
003 ES-MaACL
005 20230906155357.0
007 t|
008 030218s1967 sp ||||1| spa d
100 1 _aBrotons Gimeno, Juan.
_931953
245 1 3 _aEl niño en la U.R.S.S.
_b: (apuntes para un nuevo enfoque de la pediatría y puericultura) /
_cpor Juan Brotons Gimeno.
260 _aBarcelona :
_bElicien,
_c1967.
300 _a155 p., 1 lám. ;
_c22 cm.
852 _aES-MaACL
_jC-50449
_bR.65638
999 _c36474
_d36474